La apasionante aventura de la educación
I tiakina i:
| Kaituhi matua: | |
|---|---|
| Hōputu: | Pukapuka |
| Reo: | Pāniora |
| I whakaputaina: |
Madrid
PPC
2004
|
| Rangatū: | Educar
|
| Ngā marau: | |
| Ngā Tūtohu: |
Tāpirihia he Tūtohu
Kāore He Tūtohu, Me noho koe te mea tuatahi ki te tūtohu i tēnei pūkete!
|
MARC
| LEADER | 00000cam a2200000 a 4500 | ||
|---|---|---|---|
| 001 | UCK8302 | ||
| 003 | CL-VaPUC | ||
| 008 | 060310e20040000SP |||||||||||||||||spa|d | ||
| 020 | |a 8428818541 | ||
| 082 | 0 | 4 | |a 370.1 |b ROZ |2 21 |
| 100 | 0 | |a Rozalén Medina, José Luis |e author |9 498097 | |
| 245 | 1 | 3 | |a La apasionante aventura de la educación |
| 300 | |a 207 p | ||
| 942 | |c BK | ||
| 945 | |d 20060310 00:00:00 |a jtorresc | ||
| 260 | |a Madrid |b PPC |c 2004 | ||
| 650 | 0 | |a Filosofía de la educación |9 258384 | |
| 650 | 0 | |a Medios de comunicación |9 257206 | |
| 650 | 7 | |a LENGUAJE Y EDUCACION |2 CL-VaPUC |9 263717 | |
| 583 | |a last modification |c 20131018 06:21:34 |k Rodrigo Vera | ||
| 490 | 0 | |a Educar | |
| 999 | |c 316015 |d 316013 | ||
| 952 | |0 0 |1 0 |4 0 |6 370_100000000000000_ROZ_2004 |7 0 |8 A |9 390047 |a BIBEDU |b BIBEDU |d 2019-11-22 |i 420655K |o 370.1 ROZ 2004 |p 420655K |r 2019-11-22 |w 2019-11-22 |y BK |k EBA | ||
| 952 | |0 0 |1 0 |4 0 |6 370_100000000000000_ROZ_2004 |7 0 |8 A |9 390048 |a BIBTEO |b BIBTEO |d 2019-11-22 |i 4151453 |o 370.1 ROZ 2004 |p 4151453 |r 2025-01-17 |w 2019-11-22 |y BK |k ICR | ||
| 952 | |0 0 |1 0 |3 erb |4 0 |6 370_100000000000000_ROZ_2004 |7 0 |8 A |9 390049 |a BIBTEO |b BIBTEO |d 2019-11-22 |i 5023386 |o 370.1 ROZ 2004 |p 5023386 |r 2025-01-17 |w 2019-11-22 |y BK |z Catalogado en:20131025 |k ICR | ||